| 000 | 00592nam a2200193 i 4500 | ||
|---|---|---|---|
| 001 | 51403 | ||
| 003 | ES-MaACL | ||
| 005 | 20240205165143.0 | ||
| 007 | t| | ||
| 008 | 030812s1967 sp f |||| | spa d | ||
| 100 | 1 |
_aDaix, Pierre. _942463 |
|
| 245 | 1 | 0 |
_aPicasso, 1900-1906 _b: catálogo razonado / _cPierre Daix y Georges Boudaille. |
| 260 |
_a[Barcelona] : _bBlume, _c1967. |
||
| 300 |
_a352 p., 56 lám. col. y n. ; _c32 cm. |
||
| 600 | 1 | 4 |
_aPicasso, Pablo, _d1881-1973 _991794 |
| 700 | 1 |
_aBoudaille, Georges. _930850 |
|
| 852 |
_aES-MaACL _jC-33937 |
||
| 999 |
_c51403 _d51403 |
||